| 000 | 00707nam a2200229 i 4500 | ||
|---|---|---|---|
| 001 | bg | ||
| 100 | 1 | _aPiękosz, Artur. | |
| 245 | 1 |
_aWstęp do teorii modeli : _bpodręcznik dla słuchaczy studiów doktoranckich / _cArtur Piękosz ; Politechnika Krakowska im. Tadeusza Kościuszki. |
|
| 260 |
_aKraków : _bWydawnictwo Politechniki Krakowskiej, _c2008. |
||
| 300 |
_a77, [2] s. ; _c25 cm. |
||
| 650 | 9 | _aLogika matematyczna | |
| 650 | 9 | _aTeoria modeli | |
| 655 | _aPodręczniki akademickie | ||
| 020 | _a9788372424839 | ||
| 040 | _cBPK | ||
| 041 | _apol | ||
| 044 | _aPOL | ||
| 080 | _a510.67(075.8) | ||
| 920 | _a978-83-7242-483-9 | ||
| 942 | _cKS | ||
| 008 | 090408s2008 pl |001 0 pol | ||
| 999 |
_c56175 _d56175 |
||
| 856 |
_uhttp://koha.tu.koszalin.pl/cgi-bin/koha/opac-detail.pl?biblionumber=56175 _yKatalog online BPK |
||